[Event "WYCC U18 Girls 2013"]
[Site "Al-Ain UAE"]
[Date "2013.12.27"]
[Round "10.5"]
[White "Ibrahimova, Sabina"]
[Black "Klek, Hanna-Marie"]
[Result "1-0"]
[WhiteTitle "WIM"]
[WhiteElo "2205"]
[BlackElo "2297"]
[WhiteFideId "13403893"]
[BlackFideId "24670057"]
[EventDate "2013.12.18"]

1. e4 e5 2. Nf3 Nc6 3. Bb5 a6 4. Ba4 Nf6 5. d4 exd4 6. O-O Be7 7. Re1 b5 8. Bb3
d6 9. Bd5 Nxd5 10. exd5 Ne5 11. Nxd4 O-O 12. Nc3 Re8 13. Bf4 Bf8 14. Ne4 Bg4 15.
Qd2 Qc8 16. h3 Bh5 17. a4 Qb7 18. axb5 Qxd5 19. bxa6 Nc4 20. Nc3 Rxe1+ 21. Rxe1
Qa5 22. Nc6 Qf5 23. Qd4 Na5 24. Qa4 g5 25. Bd2 Rxa6 26. Ne7+ Bxe7 27. Rxe7 Bg6
28. Ne4 Kg7 29. Bc3+ Kh6 30. Qe8 g4 31. Qf8+ Kh5 32. Ng3+ 1-0

[Event "WYCC U18 Girls 2013"]
[Site "Al-Ain UAE"]
[Date "2013.12.27"]
[Round "10.6"]
[White "Osmanodja, Filiz"]
[Black "Gaboyan, Susanna"]
[Result "1-0"]
[WhiteTitle "WIM"]
[WhiteElo "2274"]
[BlackElo "2050"]
[WhiteFideId "24633569"]
[BlackFideId "13303627"]
[EventDate "2013.12.18"]

1. e4 c5 2. Nf3 Nc6 3. d4 cxd4 4. Nxd4 Nf6 5. Nc3 e5 6. Ndb5 d6 7. Bg5 a6 8. Na3
b5 9. Bxf6 gxf6 10. Nd5 Bg7 11. Bd3 Ne7 12. Nxe7 Qxe7 13. O-O O-O 14. c4 b4 15.
Nc2 a5 16. Ne3 Be6 17. Qh5 Qa7 18. Rad1 Qc5 19. Rfe1 Kh8 20. Kh1 Rg8 21. f4 exf4
22. e5 h6 23. Nf5 dxe5 24. Nxh6 Rgc8 25. Be4 Rab8 26. b3 a4 27. Bf5 Qe7 28. Bxe6
Bxh6 29. Qxh6+ Kg8 30. Bxc8 1-0

[Event "WYCC U18 Girls 2013"]
[Site "Al-Ain UAE"]
[Date "2013.12.27"]
[Round "10.7"]
[White "Baraeva, Irina"]
[Black "Botez, Alexandra"]
[Result "1-0"]
[WhiteTitle "WIM"]
[BlackTitle "WFM"]
[WhiteElo "2211"]
[BlackElo "2086"]
[WhiteFideId "24142565"]
[BlackFideId "2603365"]
[EventDate "2013.12.18"]

1. d4 Nf6 2. c4 g6 3. Nc3 Bg7 4. e4 d6 5. Nf3 O-O 6. Be2 e5 7. Be3 Na6 8. O-O
exd4 9. Nxd4 Nc5 10. f3 Re8 11. Qd2 a5 12. Rad1 Bd7 13. b3 Nh5 14. Ndb5 Ne6 15.
f4 Bxb5 16. Nxb5 Qe7 17. Bxh5 gxh5 18. Qe2 h4 19. Qg4 Nc5 20. Bxc5 dxc5 21. Rd7
Qxe4 22. Nxc7 Qe3+ 23. Kh1 h3 24. Nxa8 Rxa8 25. f5 hxg2+ 26. Qxg2 Kh8 27. Rxf7
Rg8 28. Rg1 Qxg1+ 29. Qxg1 Bd4 30. Qb1 b6 31. f6 1-0

[Event "WYCC U18 Girls 2013"]
[Site "Al-Ain UAE"]
[Date "2013.12.27"]
[Round "10.8"]
[White "Severina, Maria"]
[Black "Dragieva, Denitza"]
[Result "1-0"]
[WhiteTitle "WIM"]
[BlackTitle "WFM"]
[WhiteElo "2203"]
[BlackElo "2095"]
[WhiteFideId "4116909"]
[BlackFideId "2907232"]
[EventDate "2013.12.18"]

1. d4 d5 2. c4 e5 3. dxe5 d4 4. Nf3 Nc6 5. Nbd2 Nge7 6. Nb3 Nf5 7. a3 h6 8. h3
a5 9. g4 Nh4 10. Bf4 Nxf3+ 11. exf3 g5 12. Bg3 Bg7 13. Qe2 a4 14. Nc5 Qe7 15.
Nd3 Be6 16. Rc1 Na5 17. Nb4 Nb3 18. Rd1 Rd8 19. Bg2 Qc5 20. Qe4 c6 21. O-O Bxc4
22. Rfe1 O-O 23. f4 gxf4 24. Bxf4 Rfe8 25. Qf5 Re6 26. Be4 Rg6 27. Qh5 Kh7 28.
Bxg6+ fxg6 29. Qh4 Re8 30. Bxh6 Bxh6 31. g5 Qf8 32. Qxh6+ Qxh6 33. gxh6 Kxh6 34.
Nd3 Bxd3 35. Rxd3 c5 36. f4 c4 37. Rg3 d3 38. Kf2 Nd4 39. Rg4 Nf5 40. h4 Re6 41.
Rd1 Rb6 42. Rd2 Rb3 43. Rg5 Ne7 44. Ke3 Rb6 45. h5 Re6 46. hxg6 Rxg6 47. Rxg6+
Kxg6 48. Ke4 Kf7 49. f5 Nc6 50. Kd5 Ke7 51. f6+ Kf7 52. Rf2 1-0

[Event "WYCC U18 Girls 2013"]
[Site "Al-Ain UAE"]
[Date "2013.12.27"]
[Round "10.9"]
[White "Michelle Catherina, P"]
[Black "Navrotescu, Andreea-Cristiana"]
[Result "0-1"]
[BlackTitle "WFM"]
[WhiteElo "2137"]
[BlackElo "2147"]
[WhiteFideId "5005736"]
[BlackFideId "675946"]
[EventDate "2013.12.18"]

1. e4 c5 2. Nf3 d6 3. d4 cxd4 4. Nxd4 Nf6 5. Nc3 g6 6. Be3 Bg7 7. f3 Nc6 8. Qd2
O-O 9. g4 Be6 10. Nxe6 fxe6 11. O-O-O Qa5 12. Bc4 Nd8 13. Bb3 Nd7 14. f4 Nc5 15.
Bxc5 Qxc5 16. f5 Rc8 17. Ne2 Kh8 18. Nd4 Qe5 19. c3 b5 20. Nxe6 Nxe6 21. Bxe6
Rc5 22. Rhe1 b4 23. c4 a5 24. Re2 Rb8 25. Qe3 a4 26. Rd5 Rxd5 27. Bxd5 a3 28.
Kb1 axb2 29. h4 Rf8 30. h5 gxh5 31. gxh5 Rf6 32. Rg2 Rxf5 33. Qe2 Rxh5 34. Qf1
Qf4 35. Rf2 Qxf2 36. Qxf2 Rh1+ 37. Kc2 b1=Q+ 38. Kd2 Qb2+ 0-1

[Event "WYCC U18 Girls 2013"]
[Site "Al-Ain UAE"]
[Date "2013.12.27"]
[Round "10.11"]
[White "Castrillon Gomez, Melissa"]
[Black "Tran, My Linh"]
[Result "1-0"]
[WhiteTitle "WIM"]
[WhiteElo "2155"]
[BlackElo "2061"]
[WhiteFideId "4402413"]
[BlackFideId "24682462"]
[EventDate "2013.12.18"]

1. e4 e5 2. Nf3 Nc6 3. Nc3 Nf6 4. g3 Bc5 5. Bg2 d6 6. d3 a6 7. O-O Bg4 8. h3 Bh5
9. Ne2 Bg6 10. Be3 Qd7 11. c3 Bxe3 12. fxe3 d5 13. exd5 Nxd5 14. Qd2 e4 15. dxe4
Bxe4 16. Ne5 Nxe5 17. Bxe4 Nf6 18. Qc2 O-O 19. Bg2 Nc4 20. Rf3 Rae8 21. e4 Nxe4
22. Rf4 Ned6 23. Nd4 Ne3 24. Qd3 Nxg2 25. Kxg2 Re5 26. Nf3 Rh5 27. g4 Rb5 28. b3
Qc6 29. Kh2 Rd5 30. Nd4 Qe8 31. Qf1 Re5 32. Rd1 c5 33. Nf5 Re2+ 34. Rf2 Qe5+ 35.
Ng3 Rxf2+ 36. Qxf2 Re8 37. Kg2 Kf8 38. c4 Ne4 39. Nxe4 Qxe4+ 40. Kg1 b6 41. Rd7
f6 42. Rd6 Re6 43. Rxb6 Re5 44. Qd2 Qb1+ 45. Kf2 Qh1 46. Kg3 Kf7 47. Rxa6 Qg1+
48. Kh4 Kg6 49. Qf4 Qe1+ 50. Qg3 Qd2 51. Qxe5 Qf2+ 52. Qg3 Qd2 53. Qg1 Qg5+ 54.
Kg3 Qe5+ 55. Kf3 Qe7 56. Qb1+ Kh6 57. Qe4 Qd7 58. g5+ 1-0

[Event "WYCC U18 Girls 2013"]
[Site "Al-Ain UAE"]
[Date "2013.12.27"]
[Round "10.12"]
[White "Baraeva, Marina"]
[Black "Saranya, J"]
[Result "0-1"]
[WhiteTitle "WIM"]
[BlackTitle "WFM"]
[WhiteElo "2136"]
[BlackElo "2057"]
[WhiteFideId "24142573"]
[BlackFideId "5031931"]
[EventDate "2013.12.18"]

1. d4 f5 2. g3 Nf6 3. Bg2 g6 4. Nf3 Bg7 5. O-O d6 6. b3 O-O 7. Bb2 Qe8 8. Nbd2
Nbd7 9. Re1 d5 10. c4 c6 11. Ne5 Ne4 12. Nxe4 fxe4 13. f3 Nxe5 14. dxe5 exf3 15.
exf3 Be6 16. Qc2 Qf7 17. c5 Bf5 18. Qe2 Be6 19. Bd4 h5 20. b4 Bd7 21. a4 a6 22.
Qe3 Kh7 23. Reb1 Bh6 24. Qe2 h4 25. Rb3 Qe6 26. gxh4 Bf4 27. Re1 Rg8 28. Bf2 g5
29. Kh1 gxh4 30. Qc2+ Kh8 31. Bf1 Rg7 32. Bd4 Rag8 33. Qf2 Bg3 34. hxg3 hxg3 35.
Qd2 g2+ 36. Bxg2 Rxg2 37. Qxg2 Rxg2 38. Kxg2 Qh3+ 39. Kg1 Bg4 40. Kf2 Qh2+ 41.
Ke3 Bxf3 42. Rb2 Qh3 43. Kd2 Be4 44. Re3 Qf1 45. e6+ Kh7 46. Re2 Qf4+ 47. Re3
Qf1 48. Re2 Qf4+ 49. Re3 Qf1 50. Re2 Bf5 51. Be3 Kg6 52. a5 Bxe6 53. Rf2 Qh3 54.
Rb1 Bf5 55. Rg1+ Kf6 56. Rgf1 e6 57. Bd4+ Kf7 58. Rf3 Qh6+ 59. Kc3 Qh4 60. Rf4
Qg3+ 61. R4f3 Qg4 62. Re3 Qg2 63. Rc1 Qa2 64. Be5 Qa3+ 65. Kd2 Qxb4+ 66. Bc3
Qxc5 67. Be5 Qxa5+ 0-1

[Event "WYCC U18 Girls 2013"]
[Site "Al-Ain UAE"]
[Date "2013.12.27"]
[Round "10.13"]
[White "Roy, Ali"]
[Black "Pratyusha, Bodda"]
[Result "0-1"]
[WhiteElo "1891"]
[BlackElo "2128"]
[WhiteFideId "2400456"]
[BlackFideId "5000629"]
[EventDate "2013.12.18"]

1. e4 e5 2. Nf3 Nc6 3. Bb5 a6 4. Bxc6 dxc6 5. O-O f6 6. d4 exd4 7. Nxd4 c5 8.
Nb3 Qxd1 9. Rxd1 Bd7 10. Be3 b6 11. a4 a5 12. Nc3 Ne7 13. Rd2 O-O-O 14. Rad1 Nc6
15. Bf4 c4 16. Nd4 Nxd4 17. Rxd4 Bc5 18. Rd5 Bc6 19. Rxd8+ Rxd8 20. Rxd8+ Kxd8
21. Nd5 Bxd5 22. exd5 Bd4 23. b3 cxb3 24. cxb3 Kd7 25. h3 Be5 26. Be3 Kd6 27.
Kf1 Kxd5 28. Ke2 Bd4 29. Bf4 c5 30. Kd3 Bxf2 31. g4 Be1 32. Bh2 g6 33. Bc7 Kc6
34. Bd8 f5 35. gxf5 gxf5 36. Ke3 b5 37. Bf6 bxa4 38. bxa4 Kd5 39. Kd3 c4+ 40.
Ke2 Bb4 41. Bg5 Ke4 42. Bc1 f4 43. h4 f3+ 44. Kf1 Kd3 0-1

[Event "WYCC U18 Girls 2013"]
[Site "Al-Ain UAE"]
[Date "2013.12.27"]
[Round "10.14"]
[White "Durmaz, Ayca Fatma"]
[Black "Marikova, Jana"]
[Result "0-1"]
[WhiteTitle "WCM"]
[WhiteElo "1799"]
[BlackElo "2062"]
[WhiteFideId "6317855"]
[BlackFideId "334138"]
[EventDate "2013.12.18"]

1. c4 g6 2. g3 Bg7 3. Bg2 d6 4. Nc3 e5 5. Nf3 Nc6 6. O-O Nge7 7. Rb1 a5 8. a3
O-O 9. d3 f5 10. Bg5 h6 11. Bxe7 Nxe7 12. Qc2 Be6 13. b4 axb4 14. axb4 c6 15.
Nd2 d5 16. b5 e4 17. Rfd1 Qa5 18. Rb3 Rac8 19. Rdb1 Rfd8 20. Nd1 exd3 21. exd3
f4 0-1

[Event "WYCC U18 Girls 2013"]
[Site "Al-Ain UAE"]
[Date "2013.12.27"]
[Round "10.15"]
[White "Juhasz, Barbara"]
[Black "Bengtsson, Jessica"]
[Result "1-0"]
[WhiteTitle "WFM"]
[WhiteElo "2152"]
[BlackElo "1970"]
[WhiteFideId "743585"]
[BlackFideId "1711083"]
[EventDate "2013.12.18"]

1. e4 c5 2. b3 d6 3. Bb2 e5 4. Bc4 Nc6 5. Nc3 Nf6 6. Nge2 Be7 7. O-O O-O 8. d3
a6 9. a4 Nd4 10. f4 Be6 11. a5 Qd7 12. Qd2 Bd8 13. h3 Qc7 14. Rf2 Nc6 15. fxe5
dxe5 16. Nd5 Bxd5 17. Bxd5 Nxa5 18. Bc3 Nxd5 19. exd5 b6 20. Qe3 f6 21. Bxa5
bxa5 22. Ng3 Qb7 23. d6 Qc6 24. Nf5 Rb8 25. Rxa5 Rb5 26. Ra4 Rb4 27. Rxb4 cxb4
28. Qa7 Rf7 29. Qb8 Qb6 30. Qc8 h6 31. Qc4 Qb5 32. Rf1 Kf8 33. Ra1 Qxc4 34. dxc4
Bb6+ 35. Kf1 a5 36. Rd1 Ke8 37. Rd5 Kd7 38. h4 h5 39. Ke2 g6 40. Ne3 Kc6 41. g4
hxg4 42. Nxg4 Bc5 43. d7 Rxd7 44. Nxf6 Rxd5 45. cxd5+ Kd6 46. Kf3 Bd4 47. Ke4
Bc3 48. h5 gxh5 49. Nxh5 Bd2 50. Nf6 Bf4 51. Ng4 Bg3 52. Ne3 Bh2 53. Nc4+ Kc5
54. Nxa5 Bg3 55. Nc6 Be1 56. Nxe5 Kd6 57. Nc4+ Kc5 58. d6 Bh4 59. Ke5 Kc6 60.
Ke6 Bg5 61. Ne5+ Kc5 62. Nd3+ Kd4 63. Nxb4 Kc3 64. Nd5+ Kxc2 65. b4 1-0

[Event "WYCC U18 Girls 2013"]
[Site "Al-Ain UAE"]
[Date "2013.12.27"]
[Round "10.17"]
[White "Nevioselaya, Maria"]
[Black "Xiao, Alice Huanyi"]
[Result "1-0"]
[WhiteElo "2088"]
[BlackElo "1874"]
[WhiteFideId "13502280"]
[BlackFideId "2612550"]
[EventDate "2013.12.18"]

1. e4 d5 2. exd5 Qxd5 3. Nc3 Qa5 4. d4 c6 5. Nf3 Nf6 6. Bc4 Bf5 7. Bd2 Qc7 8.
Ne5 e6 9. Qe2 Nbd7 10. O-O-O Nxe5 11. dxe5 Nd5 12. g4 Bg6 13. f4 O-O-O 14. Rhf1
Nxc3 15. Bxc3 Rxd1+ 16. Kxd1 Qd7+ 17. Kc1 Bc5 18. f5 exf5 19. e6 Qe7 20. gxf5
Bxf5 21. Rxf5 f6 22. Rf3 Rf8 23. Rd3 Bd6 24. Qe3 Kb8 25. Be1 Ka8 26. Bf2 b6 27.
Qd2 Rd8 28. Bg3 Bc7 29. Bxc7 Rxd3 30. Qxd3 Qxc7 31. Qe4 Qxh2 32. Qxc6+ Kb8 33.
Qe8+ Kc7 34. Qd7+ Kb8 35. Qd8+ Kb7 36. Bd5+ Ka6 37. Qc8+ Ka5 38. Qc3+ Ka4 39.
Bc6+ 1-0

[Event "WYCC U18 Girls 2013"]
[Site "Al-Ain UAE"]
[Date "2013.12.27"]
[Round "10.18"]
[White "Nguyen, Thi Thuy Trien"]
[Black "Unapkoshvili, Nani"]
[Result "0-1"]
[WhiteTitle "WFM"]
[WhiteElo "1945"]
[BlackElo "2081"]
[WhiteFideId "12404179"]
[BlackFideId "13605518"]
[EventDate "2013.12.18"]

1. d4 d6 2. c4 g6 3. Nc3 Bg7 4. e4 Nf6 5. f3 O-O 6. Bd3 c5 7. dxc5 dxc5 8. Nge2
Nc6 9. Nd5 e6 10. Nxf6+ Bxf6 11. Qb3 Nd4 12. Nxd4 Bxd4 13. Ke2 Qf6 14. Rb1 e5
15. h4 Qe7 16. Be3 f5 17. Bxd4 exd4 18. Kd2 Qe5 19. Rbe1 f4 20. Kc1 Rb8 21. Qc2
Bd7 22. Kd2 Kh8 23. Rc1 a6 24. Ke2 Rf5 25. Qd2 Rh5 26. Qa5 Qd6 27. Kf2 Bc6 28.
a3 Qe7 29. Kg1 b6 30. Qe1 Rg8 31. Rc2 Qg7 32. Qf2 Qh6 33. Rh2 Ba4 34. Re2 g5 35.
e5 gxh4 36. e6 h3 37. Qe1 hxg2 38. Rxh5 Qxh5 39. Rxg2 Rxg2+ 40. Kxg2 Bc6 41. Be4
Qe5 42. Qh4 Bxe4 43. Qd8+ Kg7 44. Qe7+ Kh6 45. Kf2 Bg6 46. Qh4+ Bh5 47. Kf1 d3
48. e7 d2 0-1

[Event "WYCC U18 Girls 2013"]
[Site "Al-Ain UAE"]
[Date "2013.12.27"]
[Round "10.19"]
[White "Duessler, Stefanie"]
[Black "Kopnicka, Henrieta"]
[Result "1/2-1/2"]
[WhiteElo "2046"]
[BlackElo "1776"]
[WhiteFideId "4634780"]
[BlackFideId "14923564"]
[EventDate "2013.12.18"]

1. e4 c5 2. Nf3 Nc6 3. d4 cxd4 4. Nxd4 Nf6 5. Nc3 d6 6. Bg5 e6 7. Qd2 a6 8.
O-O-O h6 9. Nxc6 bxc6 10. Bf4 e5 11. Bxe5 Be7 12. Bxd6 O-O 13. Bc4 Bxd6 14. Qxd6
Qb6 15. f3 Ne8 16. Qd4 Qa5 17. h4 Nc7 18. Bb3 Be6 19. g4 Bxb3 20. cxb3 Nb5 21.
Qc5 Qc7 22. Kb1 Rfb8 23. Nd5 cxd5 24. Rxd5 Qxc5 25. Rxc5 Nd4 26. Rf1 a5 27. Rd5
Rd8 28. Rxd8+ Rxd8 29. Rd1 Kf8 30. Rd3 Ke7 31. a3 g6 32. f4 Ke6 33. Rc3 Rb8 34.
Ka2 Rb6 35. Rc5 Rb5 36. f5+ Kd6 37. Rc8 Ke5 38. fxg6 fxg6 39. Rh8 Kf4 40. Rxh6
Kxg4 41. Rxg6+ Kf4 42. a4 Rh5 43. Rg5 Rxh4 44. Rxa5 Kxe4 45. Rc5 Rh3 46. b4 Ne6
47. Rc3 Rd3 48. Rxd3 Kxd3 49. b3 Kc3 50. b5 Kb4 51. Kb2 Nc5 52. b6 Ka5 53. Kc3
Kxb6 54. Kb4 Nxb3 55. Kxb3 1/2-1/2

[Event "WYCC U18 Girls 2013"]
[Site "Al-Ain UAE"]
[Date "2013.12.27"]
[Round "10.21"]
[White "Kakhramonova, Mokhinur"]
[Black "Nouman, Amna"]
[Result "1-0"]
[BlackTitle "WFM"]
[WhiteElo "2004"]
[BlackElo "1833"]
[WhiteFideId "14201771"]
[BlackFideId "9301500"]
[EventDate "2013.12.18"]

1. e4 e5 2. Nf3 Nc6 3. Bc4 Bc5 4. c3 Nf6 5. d3 d6 6. Bb3 a6 7. h3 Ba7 8. Nbd2
O-O 9. Nf1 d5 10. Qe2 Be6 11. Bg5 dxe4 12. dxe4 Bxb3 13. axb3 Qd6 14. Ng3 Nd7
15. O-O Qe6 16. Rad1 f6 17. Bc1 Nc5 18. b4 Nb3 19. Be3 Rfd8 20. Nf5 Qf7 21. g4
b5 22. g5 Qh5 23. Kh2 Bxe3 24. Qxe3 fxg5 25. Ng3 Qf7 26. Nxg5 Qf4 27. Ne6 Qxe3
28. fxe3 Rxd1 29. Rxd1 Rc8 30. Rd7 g6 31. Ng5 Nb8 32. Re7 c5 33. bxc5 Nc6 34.
Rxh7 Nxc5 35. Rf7 Ne6 36. Rf6 Nxg5 37. Rxg6+ Kf7 38. Rxg5 Rd8 39. Rf5+ Ke7 40.
Rf2 Rd3 41. h4 Ke6 42. Nf5 b4 43. cxb4 Nxb4 44. h5 Rd8 45. h6 Nc6 46. Rc2 Ne7
47. Nxe7 Kxe7 48. Rc6 Rd2+ 49. Kg3 Rxb2 50. Rxa6 Rb8 51. Kg4 Rf8 52. Kg5 Rf1 53.
h7 1-0

[Event "WYCC U18 Girls 2013"]
[Site "Al-Ain UAE"]
[Date "2013.12.27"]
[Round "10.22"]
[White "Utiatskaja, Irina"]
[Black "Soyunlu, Narmin"]
[Result "0-1"]
[WhiteElo "2069"]
[BlackElo "1908"]
[WhiteFideId "24140848"]
[BlackFideId "13400843"]
[EventDate "2013.12.18"]

1. e4 e6 2. d4 d5 3. Nc3 Nf6 4. e5 Nfd7 5. f4 c5 6. Nf3 Nc6 7. Be3 Be7 8. Qd2
O-O 9. dxc5 Bxc5 10. Bxc5 Nxc5 11. O-O-O Qa5 12. Kb1 Bd7 13. h4 a6 14. Qf2 Rfc8
15. h5 Na4 16. Nxa4 Qxa4 17. Nd4 Nxd4 18. Rxd4 Rxc2 19. Qxc2 Qxd4 20. Bd3 h6 21.
Rd1 Qxf4 22. Qc7 Qa4 23. Rc1 Bc6 24. Rf1 Rf8 25. Qe7 Bb5 26. Bc2 Qd4 27. Rd1
Qxe5 28. Bh7+ Kxh7 29. Qxf8 Qxh5 30. Rc1 d4 31. Qd6 e5 32. Re1 f6 33. Ka1 Qf5
34. Rc1 d3 35. a4 Bxa4 36. g4 Qe4 37. Rc7 Bb3 38. Rc1 Qa4+ 0-1

[Event "WYCC U18 Girls 2013"]
[Site "Al-Ain UAE"]
[Date "2013.12.27"]
[Round "10.23"]
[White "Nikolovska, Dragana"]
[Black "Regam, Jessica"]
[Result "0-1"]
[BlackTitle "WFM"]
[WhiteElo "1876"]
[BlackElo "2019"]
[WhiteFideId "15000133"]
[BlackFideId "2033496"]
[EventDate "2013.12.18"]

1. e4 e6 2. d4 d5 3. Nc3 Nf6 4. Bg5 Be7 5. e5 Nfd7 6. h4 h6 7. Be3 a6 8. Qg4 Bf8
9. Nf3 c5 10. dxc5 Nc6 11. Qg3 Qa5 12. O-O-O Nxc5 13. Nd4 Bd7 14. f4 O-O-O 15.
Qf2 Kb8 16. Nxc6+ Bxc6 17. Kb1 Rc8 18. f5 Ka8 19. Rh3 Ba4 20. Nxa4 Nxa4 21. Bd4
Bc5 22. Bxc5 Rxc5 23. fxe6 fxe6 24. Qf7 Qb6 25. Rb3 Qc6 26. Qxg7 Rc8 27. c3
Nxc3+ 28. bxc3 Rxc3 29. Rxc3 Qxc3 30. Bd3 Rc6 31. Qf8+ Ka7 32. Qf2+ 0-1

[Event "WYCC U18 Girls 2013"]
[Site "Al-Ain UAE"]
[Date "2013.12.27"]
[Round "10.24"]
[White "Kuckling, Hannah"]
[Black "Ruiz Olate, Emily Andrea"]
[Result "0-1"]
[WhiteElo "1993"]
[BlackElo "1851"]
[WhiteFideId "24603660"]
[BlackFideId "3413535"]
[EventDate "2013.12.18"]

1. e4 e5 2. Nf3 Nc6 3. Bb5 a6 4. Ba4 Nf6 5. O-O Be7 6. Re1 b5 7. Bb3 d6 8. c3
Bg4 9. d3 O-O 10. Nbd2 Na5 11. Bc2 c5 12. Nf1 Qc7 13. h3 Bh5 14. g4 Bg6 15. Ng3
Rfd8 16. Qe2 Nc6 17. Nh4 d5 18. g5 Ne8 19. exd5 Rxd5 20. Nxg6 hxg6 21. Bb3 Rd7
22. Qf3 Bf8 23. Bd5 Rc8 24. h4 Qd6 25. c4 Nd4 26. Qd1 Nc7 27. Bg2 Nf5 28. Bh3
Qxd3 29. Qxd3 Rxd3 30. Bxf5 gxf5 31. cxb5 f4 32. b6 Nd5 33. Nf5 g6 34. Nh6+ Bxh6
35. gxh6 f6 36. b7 Rb8 37. b3 Rxb7 38. Ba3 Nb4 39. Rec1 Rd5 40. Rc4 a5 41. Rac1
Rb5 42. Bxb4 axb4 43. a3 bxa3 44. Ra4 Kh7 45. Rxa3 Kxh6 46. Ra6 Kg7 47. Ra7+ Kh6
48. Ra6 Rxb3 49. Rxf6 Rh3 50. Kg2 Rxh4 51. Rc6 Kg5 52. Ra1 Kf5 53. Ra3 Rg4+ 54.
Kf3 e4+ 55. Ke2 f3+ 0-1

[Event "WYCC U18 Girls 2013"]
[Site "Al-Ain UAE"]
[Date "2013.12.27"]
[Round "10.25"]
[White "Ruhlmann, Helene"]
[Black "Serbanescu, Diana-Maria"]
[Result "1/2-1/2"]
[WhiteElo "1830"]
[BlackElo "1989"]
[WhiteFideId "20643209"]
[BlackFideId "1200550"]
[EventDate "2013.12.18"]

1. d4 Nf6 2. Nf3 g6 3. g3 Bg7 4. Bg2 O-O 5. O-O d6 6. c4 Nbd7 7. Nc3 e5 8. e4 a6
9. dxe5 dxe5 10. Qc2 Qe7 11. h3 Rb8 12. Bg5 h6 13. Nd5 Qd6 14. Nxf6+ Nxf6 15.
Rfd1 Qe6 16. Be3 Bd7 17. b4 Bc6 18. Nd2 b6 19. a4 Rfd8 20. b5 Bb7 21. Nb3 axb5
22. axb5 c5 23. Rd3 Rxd3 24. Qxd3 Qd7 25. Qxd7 Nxd7 26. Rd1 Bc8 27. h4 Kf8 28.
Nc1 Ke7 29. Bh3 Ra8 30. Ne2 Nf6 31. Bxc8 Rxc8 32. Nc3 Rd8 33. Rxd8 Kxd8 34. Nd5
Nxd5 35. exd5 f5 36. f3 Kd7 37. Kf2 h5 38. Bg5 Bh8 39. Bh6 Bf6 40. Ke3 Bh8 41.
Bg5 1/2-1/2

[Event "WYCC U18 Girls 2013"]
[Site "Al-Ain UAE"]
[Date "2013.12.27"]
[Round "10.27"]
[White "Boshra, Alshaeby"]
[Black "Korbovljanovic, Natasa"]
[Result "1-0"]
[WhiteTitle "WFM"]
[WhiteElo "1933"]
[BlackElo "1854"]
[WhiteFideId "8102937"]
[BlackFideId "900486"]
[EventDate "2013.12.18"]

1. d4 d5 2. c4 c6 3. Nf3 Nf6 4. e3 e6 5. Nbd2 Nbd7 6. Bd3 Bd6 7. O-O O-O 8. e4
dxe4 9. Nxe4 Nxe4 10. Bxe4 Nf6 11. Bc2 c5 12. Qd3 g6 13. Rd1 Qe7 14. Bh6 Rd8 15.
Qc3 b6 16. dxc5 Bxc5 17. Rxd8+ Qxd8 18. Rd1 Qe7 19. Nd4 Bb4 20. Qf3 Rb8 1-0

[Event "WYCC U18 Girls 2013"]
[Site "Al-Ain UAE"]
[Date "2013.12.27"]
[Round "10.28"]
[White "Mendez Tovar, Jessica Yissel"]
[Black "Tarmastin, Laura"]
[Result "0-1"]
[WhiteTitle "WFM"]
[WhiteElo "1887"]
[BlackElo "1791"]
[WhiteFideId "5113580"]
[BlackFideId "1623001"]
[EventDate "2013.12.18"]

1. d4 Nf6 2. c4 g6 3. Nc3 Bg7 4. e4 d6 5. Nf3 O-O 6. Be2 e5 7. O-O Nc6 8. d5 Ne7
9. b4 a5 10. Ba3 b6 11. bxa5 Rxa5 12. Bb4 Ra8 13. a4 Ne8 14. a5 c5 15. dxc6 Nxc6
16. Ba3 Nxa5 17. c5 bxc5 18. Bxc5 Bb7 19. Be3 Rc8 20. Nd5 Nc4 21. Ba7 Bxd5 22.
Qxd5 Nf6 23. Qb5 d5 24. Bxc4 Rxc4 25. Nxe5 Rxe4 26. Nc6 Qd7 27. Bc5 Rc8 28. Ra6
Re6 29. Ne7+ Rxe7 30. Qa5 Re2 31. Ra7 Qc6 32. Be3 Ng4 33. Qa3 Nxe3 34. fxe3 d4 0-1

[Event "WYCC U18 Girls 2013"]
[Site "Al-Ain UAE"]
[Date "2013.12.27"]
[Round "10.29"]
[White "Vujnovic, Patricija"]
[Black "Barbier, Astrid"]
[Result "1-0"]
[WhiteElo "2081"]
[BlackElo "1789"]
[WhiteFideId "14502313"]
[BlackFideId "200395"]
[EventDate "2013.12.18"]

1. d4 Nf6 2. Nf3 e6 3. Bf4 c5 4. e3 b6 5. Nbd2 Bb7 6. Nc4 d5 7. Nce5 Be7 8. Bb5+
Nbd7 9. Nxd7 Nxd7 10. Ne5 O-O 11. Nxd7 a6 12. Nxf8 axb5 13. Nxe6 fxe6 14. Qg4
Qd7 15. Be5 Bf8 16. O-O b4 17. f4 Qe7 18. h4 Ba6 19. Rf2 Bb5 20. h5 c4 21. b3 c3
22. f5 exf5 23. Qxf5 Bd7 24. Qf4 Bb5 25. g4 Ra7 26. g5 Rb7 27. h6 g6 28. Kg2 Ra7
29. Qf6 Qxf6 30. Rxf6 Rb7 31. Bd6 Bxd6 32. Rxd6 Kf7 33. Kf2 Ke8 34. Rxd5 Rf7+
35. Kg3 Bc6 36. Re5+ Kd7 37. e4 Kd6 38. Re1 Ra7 39. Rf1 Rxa2 40. Rf6+ Kd7 41.
Rf7+ Kd6 42. Rxh7 Rxc2 43. Ra7 Bb7 44. h7 Rh2 45. Kxh2 c2 46. h8=Q c1=Q 47. Qb8+
Qc7 48. Qxc7+ Kxc7 49. Re7+ Kd6 50. Rf7 1-0

[Event "WYCC U18 Girls 2013"]
[Site "Al-Ain UAE"]
[Date "2013.12.27"]
[Round "10.31"]
[White "Foster, Chantelle L"]
[Black "Matisone, Dana"]
[Result "1-0"]
[WhiteElo "1901"]
[BlackElo "1744"]
[WhiteFideId "408476"]
[BlackFideId "11603526"]
[EventDate "2013.12.18"]

1. e4 c6 2. d4 d5 3. e5 Bf5 4. Nf3 e6 5. Be2 c5 6. Be3 Qb6 7. Nc3 Qxb2 8. Nb5
Na6 9. dxc5 Bxc2 10. Qc1 Qb4+ 11. Qd2 Kd7 12. Nd6 Qxd2+ 13. Kxd2 Bxd6 14. cxd6
Ba4 15. Rhc1 Bc6 16. Bxa6 bxa6 17. Nd4 Rc8 18. Rxc6 Rxc6 19. Nxc6 Kxc6 20. Rc1+
Kd7 21. Rc7+ Kd8 22. Rxa7 f6 23. Bb6+ Ke8 24. d7+ Kf7 25. d8=Q+ Kg6 26. Qe8+ Kf5
27. exf6 Nxf6 28. Qxh8 e5 29. Qxg7 Ne4+ 30. Kc2 Ng5 31. Be3 Ne4 32. Qf7+ Kg4 33.
f3+ Kh4 34. Qxh7# 1-0

[Event "WYCC U18 Girls 2013"]
[Site "Al-Ain UAE"]
[Date "2013.12.27"]
[Round "10.32"]
[White "Machlik, Edit"]
[Black "Van Niekerk, Robyn Julian"]
[Result "1-0"]
[WhiteElo "1855"]
[BlackElo "1459"]
[WhiteFideId "1513591"]
[BlackFideId "14305020"]
[EventDate "2013.12.18"]

1. d4 d5 2. c4 e6 3. Nc3 Nf6 4. cxd5 exd5 5. Bg5 Be7 6. e3 O-O 7. Qc2 Re8 8. Bd3
Nbd7 9. Nf3 b6 10. O-O c5 11. dxc5 bxc5 12. Rfd1 Bb7 13. Bf5 h6 14. Bf4 Bc6 15.
Rac1 Qb6 16. Bxd7 Bxd7 17. Nxd5 Nxd5 18. Rxd5 Be6 19. Rd2 Bxa2 20. b4 cxb4 21.
Qxa2 Rec8 22. Rb1 b3 23. Qa4 Rc5 24. h3 Rac8 25. Rxb3 Qe6 26. Nd4 Rc1+ 27. Kh2
Qf6 28. Qxa7 Bc5 29. Qb7 Bd6 30. Ne2 Bxf4+ 31. exf4 R1c4 32. Rbd3 R8c7 33. Rd8+
Kh7 34. Qb1+ g6 35. Qb2 Qxb2 36. Rxb2 Re7 37. Kg3 g5 38. fxg5 hxg5 39. Nd4 Ra7
40. Rbb8 Ra3+ 41. Nf3 Kg7 42. Rg8+ 1-0